[Event "St Petersburg Korchnoi Memorial op"]
[Site "St Petersburg"]
[Date "2023.08.18"]
[Round "1"]
[White "Litvinov, Dmitri"]
[Black "Obgolts, Erik"]
[Result "0-1"]
[WhiteElo "1780"]
[BlackElo "2447"]
[PlyCount "72"]
[EventDate "2023.08.18"]
[EventType "swiss"]
[EventRounds "9"]
[EventCountry "RUS"]
[SourceTitle "CBM 216 Extra"]
[Source "ChessBase"]
[SourceDate "2023.11.30"]
[SourceVersion "1"]
[SourceVersionDate "2023.11.30"]
[SourceQuality "1"]

1. e4 c5 2. Nf3 e6 3. g3 Nc6 4. Bg2 Nf6 5. d3 d5 6. Qe2 Be7 7. e5 Nd7 8. c4 d4 9. h4 Qc7 10. Bf4 b6 11. Nbd2 Bb7 12. 0-0 h6 13. h5 0-0-0 14. a3 g5 15. hxg6 fxg6 16. g4 g5 17. Bg3 a5 18. Ne4 Rdf8 19. Nd6+ Bxd6 20. exd6 Qb8 21. Qxe6 Nd8 22. Qe2 Qa8 23. Ne1 Re8 24. Qd2 h5 25. Qxg5 Reg8 26. Qe7 Re8 27. Qg5 Reg8 28. Qe7 h4 29. Be5 Bxg2 30. Nxg2 Nc6 31. Bxh8 Nxe7 32. dxe7 h3 33. Nf4 Qf3 34. Rfe1 h2+ 35. Kxh2 Rxh8+ 36. Nh5 Nf6 0-1

[Event "Cheliabinsk Panchenko Memorial op"]
[Site "Cheliabinsk"]
[Date "2019.09.11"]
[Round "3"]
[White "Menshikov, Ivan"]
[Black "Litvinov, Dmitri"]
[Result "0-1"]
[WhiteElo "1563"]
[BlackElo "1843"]
[PlyCount "70"]
[EventDate "2019.09.09"]
[EventType "swiss"]
[EventRounds "9"]
[EventCountry "RUS"]
[SourceTitle "EXT 2020"]
[Source "ChessBase"]
[SourceDate "2019.10.17"]
[SourceVersion "1"]
[SourceVersionDate "2019.10.17"]
[SourceQuality "1"]

1. e4 c5 2. Nc3 d6 3. Nf3 Nf6 4. d4 cxd4 5. Nxd4 a6 6. f3 e5 7. Nb3 Be6 8. Be3 Nbd7 9. Qd2 b5 10. g4 Nb6 11. g5 Nfd7 12. Nd5 Bxd5 13. exd5 Qc7 14. Na5 Nxd5 15. Qxd5 Qxa5+ 16. Bd2 Qd8 17. c4 Be7 18. cxb5 axb5 19. Bxb5 0-0 20. 0-0 Bxg5 21. Qxd6 Bxd2 22. Qxd7 Qg5+ 23. Qg4 Qe7 24. Kh1 f5 25. Qc4+ Kh8 26. Qe2 Bf4 27. a3 Rf6 28. Rad1 Rh6 29. Rf2 Rh3 30. Rd7 Qc5 31. Qd3 Rf8 32. Rc2 Qb6 33. Rd6 Qb8 34. a4 e4 35. Qf1 Rxf3 0-1

[Event "Cheliabinsk Panchenko Memorial op"]
[Site "Cheliabinsk"]
[Date "2019.09.10"]
[Round "2"]
[White "Litvinov, Dmitri"]
[Black "Panov, Maksim"]
[Result "0-1"]
[WhiteElo "1843"]
[BlackElo "2221"]
[PlyCount "90"]
[EventDate "2019.09.09"]
[EventType "swiss"]
[EventRounds "9"]
[EventCountry "RUS"]
[SourceTitle "EXT 2020"]
[Source "ChessBase"]
[SourceDate "2019.10.17"]
[SourceVersion "1"]
[SourceVersionDate "2019.10.17"]
[SourceQuality "1"]

1. e4 c6 2. d4 d5 3. exd5 cxd5 4. Bd3 Nc6 5. c3 Qc7 6. Ne2 g6 7. Bf4 Qb6 8. Qb3 Bf5 9. Bxf5 gxf5 10. Na3 Qxb3 11. axb3 e6 12. b4 Nf6 13. f3 Rg8 14. Kf2 Nh5 15. Bg3 Kd7 16. Nf4 Nxf4 17. Bxf4 Ne7 18. Rag1 Ng6 19. Bd2 Be7 20. g4 fxg4 21. fxg4 Bh4+ 22. Kf3 e5 23. Be3 e4+ 24. Ke2 h5 25. gxh5 Ne7 26. Nc2 Nf5 27. Bf4 Rh8 28. h6 Nxh6 29. Ne3 Ke6 30. Rg2 Rag8 31. Rxg8 Nxg8 32. b5 Ne7 33. Rg1 Ng6 34. Rf1 Nxf4+ 35. Rxf4 Bg5 36. Rf2 Rh3 37. Nf1 f5 38. Rg2 Kf6 39. Rg3 Rh4 40. Rg1 f4 41. b3 Rh3 42. Kd2 f3+ 43. Kc2 e3 44. Kd3 e2 45. Ne3 f2 0-1

[Event "St Petersburg Korchnoi Memorial op"]
[Site "St Petersburg"]
[Date "2018.08.18"]
[Round "4"]
[White "Smolkov, Petr"]
[Black "Litvinov, Dmitri"]
[Result "0-1"]
[WhiteElo "1342"]
[BlackElo "1667"]
[PlyCount "80"]
[EventDate "2018.08.15"]
[EventType "swiss"]
[EventRounds "9"]
[EventCountry "RUS"]
[SourceTitle "CBM 186 Extra"]
[Source "ChessBase"]
[SourceDate "2018.08.24"]
[SourceVersion "1"]
[SourceVersionDate "2018.08.24"]
[SourceQuality "1"]

1. e4 c5 2. Nf3 d6 3. d4 cxd4 4. Nxd4 Nf6 5. Nc3 a6 6. Be3 e5 7. Nb3 Be6 8. f4 Qc7 9. Be2 Nbd7 10. Nd2 b5 11. f5 Bc4 12. Bxc4 bxc4 13. 0-0 Be7 14. Qf3 0-0 15. Qg3 Rfc8 16. Bh6 Bf8 17. Rf3 Qb6+ 18. Kh1 Qxb2 19. Rb1 Qxc2 20. Nd5 Nxe4 21. Qe1 Nxd2 22. Bxd2 Qa4 23. f6 g6 24. Rh3 Qc2 25. Be3 Rab8 26. Rc1 Qf5 27. Qh4 h5 28. Rf3 Qe6 29. Rd1 c3 30. Qe4 c2 31. Rc1 Nc5 32. Bxc5 Rxc5 33. Nc3 Bh6 34. Rxc2 Rbc8 35. Qe1 d5 36. Re2 d4 37. Nd1 Rc1 38. Rxe5 Qxe5 39. Qg1 Rxd1 40. Qxd1 Rc1 0-1

[Event "St Petersburg Korchnoi Memorial op"]
[Site "St Petersburg"]
[Date "2018.08.17"]
[Round "3"]
[White "Litvinov, Dmitri"]
[Black "Sirin, Mikhail"]
[Result "0-1"]
[WhiteElo "1667"]
[BlackElo "1994"]
[PlyCount "86"]
[EventDate "2018.08.15"]
[EventType "swiss"]
[EventRounds "9"]
[EventCountry "RUS"]
[SourceTitle "CBM 186 Extra"]
[Source "ChessBase"]
[SourceDate "2018.08.24"]
[SourceVersion "1"]
[SourceVersionDate "2018.08.24"]
[SourceQuality "1"]

1. e4 c6 2. d4 d5 3. exd5 cxd5 4. Bd3 Nc6 5. c3 g6 6. h3 Nh6 7. Nf3 Bf5 8. 0-0 Qb6 9. Na3 Bg7 10. Nc2 Bxd3 11. Qxd3 0-0 12. Bf4 Rad8 13. Qd2 Nf5 14. Nce1 Nd6 15. Bxd6 Rxd6 16. Nd3 Re8 17. Rfe1 a5 18. a4 Nb8 19. Re2 Nd7 20. Rae1 e6 21. Qf4 f6 22. Qc1 Qc6 23. Qf4 Bf8 24. Ra1 Qc4 25. Qd2 Bg7 26. Qc2 e5 27. Rae1 e4 28. Nd2 Qc6 29. Qb3 f5 30. f3 Qb6 31. fxe4 fxe4 32. Qa2 Kh8 33. Rf2 Rf8 34. Nf4 Bxd4 35. cxd4 Qxd4 36. Ref1 Rxf4 37. Nb3 Qb6 38. Qa3 Rxf2 39. Rxf2 Rf6 40. Nc5 Rxf2 41. Nxd7 Qd4 42. Kh2 e3 43. Qb3 Qf4+ 0-1

[Event "Sterlitamak-ch U13"]
[Site "Sterlitamak"]
[Date "2016.04.24"]
[Round "8.1"]
[White "Litvinov, Dmitri"]
[Black "Ilina, Nataliya"]
[Result "1-0"]
[WhiteElo "1448"]
[BlackElo "1251"]
[PlyCount "127"]
[EventDate "2016.04.11"]
[EventType "tourn"]
[EventRounds "11"]
[EventCountry "RUS"]
[SourceTitle "EXT 2022"]
[Source "ChessBase"]
[SourceDate "2021.10.06"]
[SourceVersion "1"]
[SourceVersionDate "2021.10.06"]
[SourceQuality "1"]

1. e4 e5 2. Nf3 Nc6 3. Bb5 f5 4. Bxc6 dxc6 5. exf5 e4 6. Ng1 Bxf5 7. Ne2 Nf6 8. Nbc3 Bc5 9. h3 Nd5 10. a3 0-0 11. 0-0 Qf6 12. Qe1 Rae8 13. Nxd5 cxd5 14. Ng3 c6 15. Nxf5 Qxf5 16. b4 Bb6 17. Qe2 Re6 18. Bb2 Rg6 19. g4 h5 20. Kh1 hxg4 21. Rg1 Bc7 22. Rxg4 Rxg4 23. Qxg4 Qxg4 24. hxg4 Rxf2 25. Rd1 Rh2+ 26. Kg1 Rh4 27. Kf2 Rxg4 28. Rh1 Bb6+ 29. Kf1 Rf4+ 30. Ke1 Bf2+ 31. Ke2 Bg3 32. Bd4 b6 33. Rg1 Rf3 34. d3 Kf8 35. Rf1 Rxf1 36. Kxf1 g5 37. Ke2 Bh2 38. dxe4 dxe4 39. Ke3 Ke7 40. Kxe4 Ke6 41. c4 g4 42. a4 g3 43. Be5 c5 44. b5 Bg1 45. Bxg3 Bd4 46. Bb8 Bc3 47. Bxa7 Ba5 48. Bb8 Bb4 49. Kd3 Kf5 50. Bd6 Ke6 51. Bf4 Kd7 52. Bd2 Bxd2 53. Kxd2 Kc7 54. Ke3 Kd6 55. Kf4 Ke6 56. Ke4 Kd6 57. Kf5 Kd7 58. Ke5 Ke7 59. Kd5 Kd7 60. a5 bxa5 61. Kxc5 Kc7 62. Kd4 a4 63. Kc3 a3 64. Kb3 1-0

[Event "Sterlitamak-ch U13"]
[Site "Sterlitamak"]
[Date "2016.04.11"]
[Round "1.1"]
[White "Petrov, Ivan1"]
[Black "Litvinov, Dmitri"]
[Result "0-1"]
[WhiteElo "1218"]
[BlackElo "1448"]
[PlyCount "32"]
[EventDate "2016.04.11"]
[EventType "tourn"]
[EventRounds "11"]
[EventCountry "RUS"]
[SourceTitle "EXT 2022"]
[Source "ChessBase"]
[SourceDate "2021.10.06"]
[SourceVersion "1"]
[SourceVersionDate "2021.10.06"]
[SourceQuality "1"]

1. d4 Nf6 2. Nf3 e6 3. c4 b6 4. Nc3 Bb4 5. Qc2 Bb7 6. a3 Bxc3+ 7. Qxc3 Ne4 8. Qd3 0-0 9. Bf4 d6 10. Rc1 Nd7 11. g3 Qe7 12. d5 Ndc5 13. Qd4 e5 14. Nxe5 dxe5 15. Bxe5 f6 16. Bf4 Nb3 0-1